| 000 | 00994nam a2200301 4500 | ||
|---|---|---|---|
| 003 | EC-UNACH | ||
| 005 | 20251203142158.0 | ||
| 006 | s||||gr|||| 00| 00 | ||
| 008 | 150116t9999 mx r gr 000 0 spa d | ||
| 020 | _a978-607-7686-52-1 | ||
| 040 |
_aEC-UNACH _cEC-UNACH |
||
| 041 | _aspa | ||
| 082 | 0 | 4 |
_223 _a551 _bL018414 |
| 110 | _a Alfaomega | ||
| 245 | _aFundamentos de climatización : psicrometría, evaporación y condensación | ||
| 250 | _aPrimera edición | ||
| 264 |
_aMexico _b Alfaomega _c2010 |
||
| 300 | _a137 | ||
| 505 | _a1. Fundamentos. 2. Diagramas y operaciones básicas. 3. Procesos de acondicionamiento de aire. 4. Evaporación. 5. Aplicaciones de la entalpía potencial. 6. Condesaciones. | ||
| 650 | _aAIRE ACONDICIONADO | ||
| 650 | _aHUMEDAD | ||
| 650 | _aZONA DE AIRE SOBRESATURADO | ||
| 700 | _aÁngel Luis Miranda | ||
| 942 |
_2ddc _c1 |
||
| 999 | _c14242 | ||